000 00475nam a22001817a 4500
003 MPLRDC
005 20220104181834.0
008 210129b ||||| |||| 00| 0 eng d
020 _a967-914-292-2
082 _a524.9592 NGA 1991
100 _aMOHD NOR NGAH, MOHD TAJUDDIN ABDUL RAHMAN
245 _aSEJARAH ISLAM, PANDUAN JAWAPAN STPM
_c
250 _a初版
260 _a
_bFEDERAL PUBLICATIONS
_c1991
300 _b
650 _a
942 _cBK
_o524.9592 NGA 1991
999 _c61660
_d61650